| Tag |
First Indicator |
Second Indicator |
Subfields |
| LEADER |
00000cam a2200000 4500 |
| 001 |
in00000095825 |
| 005 |
20150925085733.0 |
| 008 |
800401s1931 enka b 00010 eng |
| 010 |
|
|
|a 32002014
|
| 035 |
|
|
|a (OCoLC)06154768
|
| 035 |
|
|
|9 AAL2048AM
|
| 040 |
|
|
|a DLC
|c TXA
|d UtOrBLW
|
| 049 |
|
|
|a TXAM
|c [408039]
|
| 050 |
|
0 |
|a TA145
|b .F6
|
| 082 |
0 |
|
|a 620.04
|
| 100 |
1 |
|
|a Fordham, Arthur Allison.
|
| 245 |
1 |
0 |
|a Civil engineering design /
|c by A. Fordham ... with forty-five full-page diagrams.
|
| 264 |
|
1 |
|a London :
|b Chapman & Hall, ltd.,
|c 1931.
|
| 300 |
|
|
|a xi, 212 pages :
|b illustrations, diagrams ;
|c 26 x 32 cm.
|
| 336 |
|
|
|a text
|b txt
|2 rdacontent
|
| 337 |
|
|
|a unmediated
|b n
|2 rdamedia
|
| 338 |
|
|
|a volume
|b nc
|2 rdacarrier
|
| 500 |
|
|
|a The illustrations and diagrams are designated as plates 1-45.
|
| 504 |
|
|
|a Bibliographical references at end of each chapter; "General bibliography for civil engineering design": page 209.
|
| 650 |
|
0 |
|a Civil engineering.
|
| 650 |
|
0 |
|a Structural drawing.
|
| 999 |
|
|
|a MARS
|
| 999 |
f |
f |
|s cc79460d-edac-3a4a-9963-dd8331183553
|i 1e3d4e9c-722b-3606-85b5-28e7abcc3b1f
|t 0
|
| 952 |
f |
f |
|p ric
|a Texas A&M University
|b Rellis Campus
|c Joint Library Facility
|d Remote Storage
|t 0
|e TA145 .F6
|h Library of Congress classification
|i unmediated -- volume
|m A14805291221
|
| 998 |
f |
f |
|a TA145 .F6
|t 0
|l Remote Storage
|